00553nam a2200193 a 4500001001300000003000900013005001700022008004100039020002300080082001300103100001900116245006600135260004000201300001000241500003500251505003700286650001700323700001900340nice12345678IN_TiNIC20260116014934.0130506s1987 jeda grp 000 0 eng  a9780340407479c50000a201bWAL aWalker, Andrew aEnemy Territoryb The Christian Struggle for the Modern World aJeddahbHodder and Stoughton c1987 a288p  aincludes index and biblioraphy2 aReferences & Bibliography, Index aChristianity1 aWalker, Andrew